00583nam a2200181 a 4500008004100000020001800041050001600059100001800075245011100093260003700204300002100241350001000262650003000272650003900302650002400341700001600365700002000381190121s2015 ||||||||||||||||| || u a9781473911949 aRA 1148 Bro aShell, Yvonne10aForensic psychology: theory, research, policy and practicecby Jennifer Brown; Yvonne Shell and Terri Cole aLondon:bSAGE Publicationsc2015 axxi, 386p.: ill. a40.37 7aFORENSIC PSYCHOLOGY2fast aFORENSIC PSYCHOLOGY--GREAT BRITAIN aFORENSIC PSYCHIATRY aCole, Terri aBrown, Jennifer